00517nam a22001817a 4500003000500000005001700005008004100022010001000063011001000073035001000083040000900093100001500102245008800117260005100205300001000256500003000266650003900296CHAP20220329135030.0971013s1980 il r 00010 eng d a29851 a30823 a34935 cCHAP00aKutten, A.1 aBibliography of information sources current research and research reports in Israel aHaifa :bIsrael Institute of Technology,c1980 a24 p. aTexto en inglés e irish14aObras de consultaxBibliografía.